000 00497nam a2200121Ia 4500
008 220615s9999||||xx |||||||||||||| ||und||
100 _aFrison, Daniela
245 0 _aChapter The Design of Work-Related Teaching & Learning Methods: Case Studies and Methodological Recommendations
546 _aEnglish[eng]
650 _awork-related learning||higher education||case study||university-business dialogue
856 _uhttps://library.oapen.org/bitstream/20.500.12657/55945/1/13820.pdf
942 _cEB
999 _c15253
_d15253